[Event "7th OHRA Open"]
[Site "Amsterdam NED"]
[Date "1988.08.01"]
[Round "1"]
[White "Lobron, Eric"]
[Black "Shvidler, Eliahu"]
[Result "1-0"]
[WhiteElo "2530"]
[BlackElo "2430"]
[EventDate "1988.08.01"]
[PlyCount "105"]

1.Nf3 Nf6 2.c4 c6 3.g3 d5 4.Bg2 dxc4 5.O-O g6 6.Na3 Qd5 7.b3 cxb3 8.axb3 
Bg7 9.Nc4 Qd8 10.Bb2 b6 11.Nd4 Bb7 12.Ne5 O-O 13.Ndxc6 Nxc6 14.Nxc6 Qe8 
15.Qc2 Rc8 16.Rfc1 a5 17.Qc4 Qd7 18.Bxf6 Bxf6 19.Ra2 Rfd8 20.Rac2 Bxc6 21.
Bxc6 Qf5 22.e3 Qd3 23.Qb5 Rb8 24.Qa4 b5 25.Qxa5 Qxb3 26.d4 b4 27.Rc5 Qb2 
28.Be4 e6 29.Kg2 Qa3 30.Qxa3 bxa3 31.Ra5 Be7 32.Rc7 Bd6 33.Rca7 Rb2 34.
R5a6 Bb4 35.Rb7 Be1 36.Rxb2 axb2 37.Rb6 Bc3 38.Rb3 Rc8 39.Kf1 e5 40.Bb7 
Rc7 41.d5 Rc4 42.Ba6 Ra4 43.Bd3 e4 44.Bc2 Rc4 45.Ke2 Be5 46.Bb1 f5 47.d6 
Kf7 48.Rb5 Ra4 49.Rxe5 Ra1 50.d7 Rxb1 51.d8=Q Re1+ 52.Kxe1 b1=Q+ 53.Qd1 
1-0

[Event "7th OHRA Open"]
[Site "Amsterdam NED"]
[Date "1988.08.01"]
[Round "1"]
[White "Mednis, Edmar John"]
[Black "Lerner, Konstantin"]
[Result "1/2-1/2"]
[WhiteElo "2435"]
[BlackElo "2530"]
[EventDate "1988.08.01"]
[PlyCount "69"]

1.c4 c5 2.Nf3 Nc6 3.g3 g6 4.Bg2 Bg7 5.O-O e6 6.Nc3 Nge7 7.d3 O-O 8.Bg5 h6 
9.Bd2 d5 10.Rb1 b6 11.a3 a5 12.Ne1 dxc4 13.dxc4 Ra7 14.Qc1 Kh7 15.Nc2 Rd7 
16.Rd1 Bb7 17.b4 cxb4 18.axb4 axb4 19.Nxb4 Na5 20.Bxb7 Nxb7 21.Nd3 Nf5 22.
Nb5 Nc5 23.Nxc5 bxc5 24.Bc3 Bxc3 25.Rxd7 Qxd7 26.Qxc3 Ra8 27.Qe5 Qe7 28.
Nc3 f6 29.Qe4 Ra7 30.Qc6 Nd4 31.Qc8 Rc7 32.Qa8 Ra7 33.Qc8 Rc7 34.Qa8 Ra7 
35.Qc8 1/2-1/2

[Event "7th OHRA Open"]
[Site "Amsterdam NED"]
[Date "1988.08.01"]
[Round "1"]
[White "Sokolov, Ivan"]
[Black "Ligterink, Gert"]
[Result "1-0"]
[WhiteElo "2570"]
[BlackElo "2445"]
[EventDate "1988.08.01"]
[PlyCount "79"]

1.c4 c5 2.g3 g6 3.Bg2 Bg7 4.Nc3 Nc6 5.Nf3 e6 6.O-O Nge7 7.d3 O-O 8.Bg5 h6 
9.Bd2 d5 10.cxd5 exd5 11.a3 Be6 12.Rb1 Rc8 13.b4 cxb4 14.axb4 d4 15.Ne4 b6
16.b5 Na5 17.Bb4 Nd5 18.Bxf8 Qxf8 19.Rc1 Rxc1 20.Qxc1 f5 21.Ned2 Nc3 22.
Re1 Qc5 23.Kh1 Qxb5 24.e3 dxe3 25.Rxe3 Bf7 26.d4 Nd5 27.Re1 Kh7 28.Ne5 Bg8
29.Ndf3 Qb4 30.Qc8 Qf8 31.Qxf8 Bxf8 32.Nh4 Bb4 33.Rc1 Bc3 34.Nexg6 Nb3 35.
Rd1 b5 36.Ne5 Nxd4 37.Nxf5 Nxf5 38.Bxd5 Bxe5 39.Bxg8+ Kxg8 40.Rd5 1-0

[Event "7th OHRA Open"]
[Site "Amsterdam NED"]
[Date "1988.08.01"]
[Round "1"]
[White "Visser, Yge"]
[Black "Cifuentes Parada, Roberto"]
[Result "1/2-1/2"]
[WhiteElo "2320"]
[BlackElo "2480"]
[EventDate "1988.08.01"]
[PlyCount "132"]

1.e4 e5 2.Nf3 Nc6 3.Bb5 Nf6 4.O-O Bc5 5.Nxe5 Nxe5 6.d4 c6 7.dxe5 Nxe4 8.
Bd3 f5 9.Bxe4 fxe4 10.Be3 Qe7 11.Bxc5 Qxc5 12.Qd6 Qxc2 13.Nc3 Qd3 14.Qa3 
Qc4 15.Rfe1 d5 16.exd6 O-O 17.Rxe4 Qf7 18.Qc5 b6 19.Qe3 Qg6 20.Qg3 Qxg3 
21.hxg3 Bf5 22.Rd4 Rad8 23.Rad1 Rfe8 24.f3 h6 25.Kf2 Kf7 26.g4 Bd7 27.Ra4 
Ra8 28.Rf4+ Kg8 29.Re4 Rxe4 30.Nxe4 Re8 31.Rd3 Kf7 32.Ra3 Ra8 33.Kg3 Ke6 
34.Kf4 c5 35.Re3 Rf8+ 36.Kg3 Kd5 37.Rd3+ Ke5 38.Nc3 Bc6 39.f4+ Ke6 40.f5+ 
Ke5 41.d7 Rd8 42.Re3+ Kd6 43.Re6+ Kc7 44.f6 gxf6 45.Rxf6 Rxd7 46.Rxh6 Rd2 
47.Kf4 Rd4+ 48.Kf5 Bd7+ 49.Ke5 Rxg4 50.Nd5+ Kb8 51.Rh8+ Bc8 52.Ne7 Rxg2 
53.Nxc8 Rxb2 54.Nd6+ Kc7 55.Rh7+ Kc6 56.Rxa7 Re2+ 57.Ne4 b5 58.Ra6+ Kb7 
59.Ra5 Kc6 60.Ra6+ Kb7 61.Ra3 Kc6 62.Kf4 b4 63.Ra8 Kd5 64.Kf3 Rh2 65.Ra5 
Rh3+ 66.Kg2 Rc3 1/2-1/2

[Event "7th OHRA Open"]
[Site "Amsterdam NED"]
[Date "1988.08.01"]
[Round "1"]
[White "Pieterse, Gert"]
[Black "Ninov, Kiril"]
[Result "1-0"]
[WhiteElo "2425"]
[BlackElo "2515"]
[EventDate "1988.08.01"]
[PlyCount "139"]

1.d4 d5 2.c4 c6 3.Nc3 Nf6 4.e3 g6 5.Nf3 Bg7 6.Bd3 O-O 7.O-O Bg4 8.h3 Bxf3 
9.Qxf3 Qd6 10.Rd1 Nbd7 11.Qe2 Rfe8 12.e4 dxe4 13.Bxe4 Nxe4 14.Nxe4 Qe6 15.
Nc3 Qxe2 16.Nxe2 Nb6 17.b3 e5 18.d5 cxd5 19.c5 e4 20.Rb1 Nd7 21.Rxd5 Ne5 
22.Be3 a5 23.Rbd1 Rac8 24.Nd4 Red8 25.Nb5 Nd3 26.Rxd8+ Rxd8 27.Nd6 Rd7 28.
Nxe4 Nxc5 29.Rxd7 Nxd7 30.Nd6 b6 31.Nc4 b5 32.Nxa5 Nb8 33.Bf4 Na6 34.Bd6 
Bf8 35.Bxf8 Kxf8 36.Nc6 Ke8 37.Nd4 Nc7 38.Kf1 Kd7 39.Ke2 Kd6 40.Kd3 Kc5 
41.a3 f5 42.g3 Kd5 43.h4 Kc5 44.h5 Nd5 45.f3 Nf6 46.hxg6 hxg6 47.b4+ Kb6 
48.Ne2 Kc6 49.Nf4 Kd6 50.Nxg6 Nh5 51.Ke3 Nxg3 52.Kf4 Ne2+ 53.Kxf5 Nd4+ 54.
Ke4 Nc2 55.Nh4 Nxa3 56.Nf5+ Ke6 57.Nd4+ Kf6 58.Kd5 Kg5 59.Kc5 Kf4 60.Nxb5 
Nb1 61.Nd4 Ke3 62.Kc4 Nd2+ 63.Kd5 Nb1 64.f4 Kxf4 65.Ne2+ Ke3 66.b5 Kxe2 
67.b6 Nc3+ 68.Kc6 Na2 69.b7 Nb4+ 70.Kb5 1-0

[Event "7th OHRA Open"]
[Site "Amsterdam NED"]
[Date "1988.08.02"]
[Round "2"]
[White "Gelfand, Boris"]
[Black "Pieterse, Gert"]
[Result "1-0"]
[WhiteElo "2585"]
[BlackElo "2425"]
[EventDate "1988.08.01"]
[PlyCount "115"]

1.e4 c6 2.d4 d5 3.Nd2 dxe4 4.Nxe4 Nf6 5.Nxf6+ gxf6 6.c3 Bf5 7.Nf3 e6 8.g3 
h5 9.Bg2 Be4 10.O-O f5 11.Qb3 Qb6 12.Ne5 Bxg2 13.Kxg2 Nd7 14.Nc4 Qa6 15.
Bf4 Nb6 16.Ne3 Bh6 17.Bxh6 Rxh6 18.c4 f4 19.gxf4 O-O-O 20.Rad1 Rf6 21.Rd2 
Rxf4 22.Rfd1 Qa5 23.d5 Qc5 24.dxe6 Rg8+ 25.Kh1 fxe6 26.Qc2 Qf8 27.Qh7 Qf7 
28.Qxf7 Rxf7 29.Re2 Nd7 30.Nf1 Nf6 31.h3 Nh7 32.Rd3 h4 33.Nh2 Ng5 34.b3 e5
35.Rde3 e4 36.Ng4 Nxh3 37.Nh6 Rg1+ 38.Kh2 Rf6 39.Rxh3 Rgg6 40.Rxh4 Rxh6 
41.Rxh6 Rxh6+ 42.Kg3 Rd6 43.Rxe4 Rd2 44.a4 Kd7 45.Re3 b5 46.cxb5 cxb5 47.
axb5 Rd5 48.f4 Rxb5 49.Kg4 a5 50.f5 a4 51.bxa4 Rb4+ 52.Kg5 Rxa4 53.f6 Ra1 
54.f7 Rg1+ 55.Kf6 Rf1+ 56.Kg7 Rg1+ 57.Kf8 Rf1 58.Rd3+ 1-0

[Event "7th OHRA Open"]
[Site "Amsterdam NED"]
[Date "1988.08.02"]
[Round "2"]
[White "Cifuentes Parada, Roberto"]
[Black "Mednis, Edmar John"]
[Result "1/2-1/2"]
[WhiteElo "2480"]
[BlackElo "2435"]
[EventDate "1988.08.01"]
[PlyCount "90"]

1.d4 Nf6 2.c4 e6 3.Nc3 Bb4 4.Qc2 c5 5.dxc5 O-O 6.Nf3 Na6 7.a3 Bxc3+ 8.Qxc3
Nxc5 9.e3 a5 10.b3 d6 11.Be2 e5 12.Nd2 Bd7 13.O-O Qe7 14.Bb2 Rfe8 15.Rae1 
Bc6 16.Ba1 Nce4 17.Nxe4 Nxe4 18.Qb2 b6 19.f3 Nf6 20.e4 Rab8 21.Qd2 Red8 
22.Rd1 Ne8 23.Rfe1 Nc7 24.Bf1 Ne6 25.Re3 Nc5 26.b4 axb4 27.axb4 Nb7 28.Ra3
Qc7 29.Ra6 Ra8 30.Qa2 Rxa6 31.Qxa6 Rb8 32.Bc3 Nd8 33.Qa2 Ne6 34.Qd2 Ba4 
35.Rc1 Be8 36.Ra1 h6 37.Ra6 Rc8 38.Bb2 Qb7 39.Ra3 Qc7 40.Qe3 Rb8 41.h3 b5 
42.Ra7 Rb7 43.Ra8 Rb8 44.Ra7 Rb7 45.Ra8 Rb8 1/2-1/2

[Event "7th OHRA Open"]
[Site "Amsterdam NED"]
[Date "1988.08.02"]
[Round "2"]
[White "Brenninkmeijer, Joris"]
[Black "Ree, Hans"]
[Result "1-0"]
[WhiteElo "2390"]
[BlackElo "2480"]
[EventDate "1988.08.01"]
[PlyCount "115"]

1.d4 d6 2.c4 e5 3.Nf3 e4 4.Ng5 Nf6 5.Nc3 Bf5 6.g4 Bxg4 7.Bg2 c6 8.Ngxe4 
Be7 9.Qb3 Qd7 10.Ng3 O-O 11.h3 Be6 12.e4 Qc7 13.a4 Na6 14.O-O Qb6 15.Qxb6 
axb6 16.b3 Nb4 17.Bb2 d5 18.cxd5 cxd5 19.e5 Ne8 20.Ba3 Nc7 21.f4 f5 22.
Rfc1 Rac8 23.Nf1 Nc6 24.Bxe7 Nxe7 25.Ne3 Rfd8 26.Nb5 Nxb5 27.axb5 Kf8 28.
Kf2 Ke8 29.Rxc8 Rxc8 30.Ra7 Rb8 31.Ke1 Kd7 32.Kd2 Kc7 33.Ra1 h6 34.h4 g5 
35.hxg5 hxg5 36.fxg5 f4 37.Nd1 Nf5 38.Kd3 Rg8 39.Nc3 Ne3 40.Bf3 Rxg5 41.
Ne2 Nf5 42.Nxf4 Kd7 43.Rh1 Rg3 44.Rh7+ Ne7 45.Ke2 Bf5 46.Rf7 Ke8 47.Rf6 
Bg4 48.Bxg4 Rxg4 49.Kf3 Rg1 50.Rxb6 Rf1+ 51.Kg4 Rg1+ 52.Kh5 Rh1+ 53.Kg5 
Rg1+ 54.Kf6 Rf1 55.Rxb7 Rxf4+ 56.Ke6 Nc8 57.Rb8 Kd8 58.b6 1-0

[Event "7th OHRA Open"]
[Site "Amsterdam NED"]
[Date "1988.08.02"]
[Round "2"]
[White "Van der Sterren, Paul"]
[Black "Lobron, Eric"]
[Result "0-1"]
[WhiteElo "2475"]
[BlackElo "2530"]
[EventDate "1988.08.01"]
[PlyCount "167"]

1.Nf3 Nf6 2.c4 d6 3.d4 Nbd7 4.Nc3 c6 5.e4 e5 6.Be2 Be7 7.O-O O-O 8.Re1 a6 
9.Bf1 b5 10.a3 Qc7 11.h3 exd4 12.Nxd4 Ne5 13.cxb5 axb5 14.Bf4 Bd7 15.b4 
Rfe8 16.a4 bxa4 17.Rxa4 Rxa4 18.Qxa4 h6 19.b5 cxb5 20.Ncxb5 Qb7 21.Nf5 
Bxf5 22.exf5 Bf8 23.Nd4 Qd5 24.Be3 Ra8 25.Qc2 Qa5 26.Rb1 Nd5 27.Bd2 Qc5 
28.Qb2 Nc4 29.Bxc4 Qxc4 30.Rc1 Qd3 31.Nf3 Qxf5 32.Qb3 Nf6 33.Bc3 Ne4 34.
Bd4 d5 35.Rd1 Bd6 36.Be3 Ra3 37.Qb5 Kh7 38.Nd4 Qh5 39.Re1 Rc3 40.Nf3 Rc7 
41.Bd4 Bc5 42.Qa5 Bxd4 43.Nxd4 Rc5 44.Qa7 Qe5 45.Nf3 Qf5 46.Qa2 Rc3 47.Qe2
Ra3 48.Nd4 Qf6 49.Nf3 Qc3 50.Rd1 Qc5 51.Nd4 g6 52.Qb2 Rc3 53.Qb7 Nd6 54.
Qb2 Qc4 55.Nf3 Rc2 56.Qe5 Rc1 57.Rxc1 Qxc1+ 58.Kh2 Qc5 59.Qf6 Qc7 60.Ne5 
Kg8 61.Qf4 g5 62.Qd4 Nc4 63.f4 Nxe5 64.fxe5 Qc4 65.Qb6 Qf4+ 66.Kh1 Qxe5 
67.Qxh6 d4 68.Qa6 Qe3 69.Qc8+ Kg7 70.Qc5 Kg6 71.Qd6+ f6 72.Qd8 Qe1+ 73.Kh2
Qe5+ 74.Kh1 Kf5 75.Qa8 Qe4 76.Qc8+ Kf4 77.Qc7+ Ke3 78.Qc1+ Kf2 79.Qb2+ Kg3
80.Qb8+ Qe5 81.Qb3+ Qe3 82.Qb8+ Qf4 83.Qb3+ Kh4 84.Qe6 0-1

[Event "7th OHRA Open"]
[Site "Amsterdam NED"]
[Date "1988.08.02"]
[Round "2"]
[White "Piket, Jeroen"]
[Black "Gulko, Boris"]
[Result "1/2-1/2"]
[WhiteElo "2495"]
[BlackElo "2590"]
[EventDate "1988.08.01"]
[PlyCount "49"]

1.d4 Nf6 2.Nf3 g6 3.c4 Bg7 4.Nc3 d5 5.Qb3 dxc4 6.Qxc4 O-O 7.e4 a6 8.Qb3 c5
9.dxc5 Qa5 10.Qb6 Qxb6 11.cxb6 Nbd7 12.e5 Ng4 13.e6 Nxb6 14.exf7+ Rxf7 15.
h3 Nf6 16.Ng5 Rf8 17.Be3 Nfd5 18.Nxd5 Nxd5 19.Bc4 e6 20.O-O-O Nxe3 21.fxe3
Bh6 22.Nxe6 Bxe6 23.Bxe6+ Kh8 24.Kb1 Bxe3 25.Bd5 1/2-1/2

[Event "7th OHRA Open"]
[Site "Amsterdam NED"]
[Date "1988.08.03"]
[Round "3"]
[White "Lobron, Eric"]
[Black "Visser, Yge"]
[Result "1-0"]
[WhiteElo "2530"]
[BlackElo "2320"]
[EventDate "1988.08.01"]
[PlyCount "47"]

1.e4 c5 2.Nf3 Nc6 3.d4 cxd4 4.Nxd4 g6 5.c4 Bg7 6.Be3 Nf6 7.Nc3 Ng4 8.Qxg4 
Nxd4 9.Qd1 Ne6 10.Rc1 Qa5 11.Bd3 b6 12.O-O Bb7 13.a3 Bc6 14.f4 Qa6 15.Nd5 
Qb7 16.b4 Qb8 17.Kh1 Bh6 18.Qg4 f6 19.Rce1 Bg7 20.f5 Nf8 21.Bf4 d6 22.c5 
h5 23.Qe2 g5 24.Nxe7 1-0

[Event "7th OHRA Open"]
[Site "Amsterdam NED"]
[Date "1988.08.03"]
[Round "3"]
[White "Sokolov, Ivan"]
[Black "Van der Sterren, Paul"]
[Result "1-0"]
[WhiteElo "2570"]
[BlackElo "2475"]
[EventDate "1988.08.01"]
[PlyCount "80"]

1.d4 d5 2.c4 e6 3.Nc3 Nf6 4.cxd5 exd5 5.Bg5 Be7 6.e3 c6 7.Bd3 O-O 8.Qc2 
Nbd7 9.h3 Re8 10.Nf3 Nf8 11.O-O g6 12.Rab1 Ne6 13.Bh4 Ng7 14.b4 a6 15.a4 
Bf5 16.b5 axb5 17.axb5 Bxd3 18.Qxd3 Nf5 19.Bxf6 Bxf6 20.Ra1 Nd6 21.Nd2 Bg7
22.bxc6 bxc6 23.Rfb1 Rxa1 24.Rxa1 Qc7 25.Qa6 Rb8 26.Na4 Nf5 27.Rc1 Ne7 28.
Nc5 h5 29.Ra1 Rb2 30.Nf3 Bf6 31.Ne1 Kg7 32.Ned3 Rb5 33.g3 Nf5 34.Qa7 Qc8 
35.Rc1 Nd6 36.Nf4 Nc4 37.Ra1 Qe8 38.Nce6+ Kg8 39.Nc7 Qe4 40.Nxb5 cxb5 1-0

[Event "7th OHRA Open"]
[Site "Amsterdam NED"]
[Date "1988.08.03"]
[Round "3"]
[White "Piket, Jeroen"]
[Black "Gelfand, Boris"]
[Result "0-1"]
[WhiteElo "2495"]
[BlackElo "2585"]
[EventDate "1988.08.01"]
[PlyCount "72"]

1.d4 Nf6 2.Nf3 e6 3.c4 b6 4.Nc3 Bb7 5.a3 g6 6.Bg5 Bg7 7.Qc2 O-O 8.Rd1 h6 
9.Bh4 g5 10.Bg3 Nh5 11.d5 d6 12.Nd4 Qe7 13.e3 Nxg3 14.hxg3 c5 15.Nf3 Nd7 
16.dxe6 fxe6 17.Ne4 Rfd8 18.Nxd6 Bxf3 19.gxf3 Ne5 20.Qe4 Rab8 21.f4 Rxd6 
22.Rxd6 Qxd6 23.fxe5 Qxe5 24.Qxe5 Bxe5 25.Rxh6 Bxb2 26.Rxe6 Bxa3 27.Re7 a5
28.Bg2 a4 29.Bd5+ Kh8 30.Ra7 Bb4+ 31.Ke2 a3 32.Kf3 Ba5 33.Kg4 a2 34.Kh5 
a1=Q 35.Kg6 Qb1+ 36.e4 Rg8+ 0-1

[Event "7th OHRA Open"]
[Site "Amsterdam NED"]
[Date "1988.08.03"]
[Round "3"]
[White "Pieterse, Gert"]
[Black "Cifuentes Parada, Roberto"]
[Result "1-0"]
[WhiteElo "2425"]
[BlackElo "2480"]
[EventDate "1988.08.01"]
[PlyCount "65"]

1.d4 d5 2.c4 e6 3.Nc3 Be7 4.cxd5 exd5 5.Bf4 c6 6.e3 Bf5 7.g4 Be6 8.h3 Qb6 
9.Rb1 h5 10.g5 Bf5 11.Bd3 Bxd3 12.Qxd3 g6 13.Nge2 Nd7 14.O-O Qd8 15.h4 Bb4
16.a3 Bxc3 17.bxc3 Nb6 18.Be5 Rh7 19.f4 Qd7 20.f5 Ne7 21.Ng3 O-O-O 22.f6 
Nf5 23.Rxf5 gxf5 24.Nxf5 Rdh8 25.Nd6+ Kd8 26.Bg3 Qg4 27.Nxb7+ Kc8 28.Nd6+ 
Kd7 29.Kf2 Ke6 30.e4 Kd7 31.Qa6 Ke6 32.exd5+ Kxd5 33.Qa5+ 1-0

[Event "7th OHRA Open"]
[Site "Amsterdam NED"]
[Date "1988.08.03"]
[Round "3"]
[White "Ree, Hans"]
[Black "Ligterink, Gert"]
[Result "1-0"]
[WhiteElo "2480"]
[BlackElo "2445"]
[EventDate "1988.08.01"]
[PlyCount "89"]

1.c4 e5 2.Nc3 Nf6 3.Nf3 Nc6 4.g3 Bb4 5.Nd5 e4 6.Nh4 Bc5 7.Bg2 O-O 8.O-O 
Re8 9.d3 exd3 10.Qxd3 Ne5 11.Qc2 c6 12.Be3 cxd5 13.Bxc5 d6 14.Bd4 dxc4 15.
Rfd1 Qe7 16.Nf3 Nc6 17.Qxc4 Qxe2 18.Qxe2 Rxe2 19.Bxf6 gxf6 20.b3 Be6 21.
Rxd6 Rc8 22.Nd2 Kg7 23.Kf1 Re5 24.Rc1 Nb4 25.Rxc8 Bxc8 26.Nc4 Re7 27.Rd2 
Bf5 28.Ne3 Bg6 29.g4 Nd3 30.h4 Nf4 31.h5 Nxg2 32.Kxg2 Be4+ 33.f3 Bb1 34.
Kf2 h6 35.Rd1 Bh7 36.Rd6 Re6 37.Rd7 Ra6 38.Rxb7 Rxa2+ 39.Kg3 a5 40.Nc4 a4 
41.bxa4 Rxa4 42.Nd6 f5 43.Nxf7 f4+ 44.Kh4 Bg8 45.Nxh6+ 1-0

[Event "7th OHRA Open"]
[Site "Amsterdam NED"]
[Date "1988.08.03"]
[Round "3"]
[White "Shvidler, Eliahu"]
[Black "Ftacnik, Lubomir"]
[Result "0-1"]
[WhiteElo "2430"]
[BlackElo "2590"]
[EventDate "1988.08.01"]
[PlyCount "88"]

1.c4 g6 2.Nc3 c5 3.g3 Bg7 4.Bg2 Nc6 5.a3 Rb8 6.Rb1 a6 7.Qa4 d6 8.Bxc6+ 
bxc6 9.Qxc6+ Kf8 10.Qa4 Bxc3 11.dxc3 Bf5 12.Ra1 Qc8 13.f3 h5 14.h4 Nf6 15.
Rh2 Nd7 16.Qd1 Be6 17.e4 Bxc4 18.Bf4 Rb3 19.Rc1 Kg7 20.Rcc2 Qb7 21.Qd2 Nb6
22.Ne2 d5 23.e5 d4 24.cxd4 Rd8 25.Rc3 Rxc3 26.Qxc3 Bxe2 27.Rxe2 cxd4 28.
Qb3 Rb8 29.Re4 Rd8 30.Re2 Rd5 31.Qd3 Nd7 32.b4 Nf8 33.g4 hxg4 34.fxg4 Qd7 
35.Re4 Ne6 36.Bg3 Qc6 37.h5 a5 38.hxg6 fxg6 39.Bf2 Qc1+ 40.Qd1 Qxa3 41.
bxa5 Qxa5+ 42.Qd2 Qa1+ 43.Qd1 Qc3+ 44.Qd2 Qf3 0-1

[Event "7th OHRA Open"]
[Site "Amsterdam NED"]
[Date "1988.08.04"]
[Round "4"]
[White "Gelfand, Boris"]
[Black "Lobron, Eric"]
[Result "1-0"]
[WhiteElo "2585"]
[BlackElo "2530"]
[EventDate "1988.08.01"]
[PlyCount "58"]

1.d4 e6 2.c4 c5 3.d5 exd5 4.cxd5 d6 5.e4 g6 6.Nc3 Bg7 7.Nf3 a6 8.Bf4 Bg4 
9.Be2 Bxf3 10.Bxf3 Nd7 11.Bxd6 Qb6 12.e5 Nxe5 13.Qa4+ Nd7 14.Ne4 f5 15.
Bxc5 Qxb2 16.O-O fxe4 17.Rab1 b5 18.Qxe4+ Qe5 19.Qb4 Rc8 20.Rfe1 Rxc5 21.
Rxe5+ Bxe5 22.Re1 Rc4 23.Qd6 Ne7 24.Qxa6 Rf8 25.d6 Nc8 26.Bc6 Kd8 27.Bxd7 
Bc3 28.Rc1 Bd4 29.Rxc4 Bxf2+ 1-0

[Event "7th OHRA Open"]
[Site "Amsterdam NED"]
[Date "1988.08.04"]
[Round "4"]
[White "Gulko, Boris"]
[Black "Sokolov, Ivan"]
[Result "1/2-1/2"]
[WhiteElo "2590"]
[BlackElo "2570"]
[EventDate "1988.08.01"]
[PlyCount "39"]

1.c4 e5 2.g3 c6 3.d4 exd4 4.Qxd4 d5 5.Nf3 dxc4 6.Qxc4 Nf6 7.Bg2 Be7 8.O-O 
O-O 9.Qc2 Na6 10.a3 Be6 11.b4 h6 12.Nc3 Nc7 13.Rd1 Qc8 14.Bb2 Re8 15.Nd4 
Bh3 16.Rac1 Bf8 17.Ne4 Nfd5 18.Nc5 Bxg2 19.Kxg2 Qg4 20.e4 1/2-1/2

[Event "7th OHRA Open"]
[Site "Amsterdam NED"]
[Date "1988.08.04"]
[Round "4"]
[White "Andruet, Gilles"]
[Black "Mednis, Edmar John"]
[Result "0-1"]
[WhiteElo "2450"]
[BlackElo "2435"]
[EventDate "1988.08.01"]
[PlyCount "84"]

1.d4 Nf6 2.c4 e6 3.Nf3 Bb4+ 4.Nbd2 b6 5.a3 Bxd2+ 6.Qxd2 Bb7 7.b4 O-O 8.Bb2
Ne4 9.Qc2 d6 10.e3 Nd7 11.Be2 f5 12.O-O Ndf6 13.d5 exd5 14.Nd4 Qd7 15.f3 
Ng5 16.Nxf5 Ne6 17.cxd5 Nxd5 18.Bc4 b5 19.Ba2 Rf7 20.e4 Nb6 21.Rad1 Nc4 
22.Bxc4 bxc4 23.Qxc4 a6 24.Rf2 Re8 25.Rfd2 Qc6 26.Qb3 Kf8 27.Kh1 Qb5 28.a4
Qd7 29.b5 axb5 30.axb5 Nc5 31.Qb4 Nxe4 32.fxe4 Rxe4 33.Nd4 Qh3 34.Qb3 Re3 
35.Qc2 Qh4 36.Re2 Rh3 37.Nf3 Rfxf3 38.gxf3 Bxf3+ 39.Kg1 Qg4+ 40.Kf1 Bxe2+ 
41.Qxe2 Qxe2+ 42.Kxe2 Rxh2+ 0-1

[Event "7th OHRA Open"]
[Site "Amsterdam NED"]
[Date "1988.08.04"]
[Round "4"]
[White "Cifuentes Parada, Roberto"]
[Black "Ree, Hans"]
[Result "1-0"]
[WhiteElo "2480"]
[BlackElo "2480"]
[EventDate "1988.08.01"]
[PlyCount "51"]

1.d4 d5 2.c4 dxc4 3.Nf3 a6 4.e3 Nf6 5.Bxc4 e6 6.O-O c5 7.Nc3 b5 8.Bb3 Bb7 
9.Qe2 Nbd7 10.Rd1 Qb6 11.d5 Nxd5 12.Nxd5 Bxd5 13.Bxd5 exd5 14.Rxd5 Qe6 15.
e4 Be7 16.Ng5 Qg6 17.h4 h6 18.h5 Qc6 19.Nf3 O-O 20.Rf5 Nf6 21.e5 Nd5 22.
Bd2 Rfe8 23.Re1 g6 24.e6 fxe6 25.Ne5 Qd6 26.Nf7 1-0

[Event "7th OHRA Open"]
[Site "Amsterdam NED"]
[Date "1988.08.04"]
[Round "4"]
[White "Visser, Yge"]
[Black "Lerner, Konstantin"]
[Result "1/2-1/2"]
[WhiteElo "2320"]
[BlackElo "2530"]
[EventDate "1988.08.01"]
[PlyCount "153"]

1.e4 c5 2.Nf3 d6 3.Be2 Nf6 4.c3 Nbd7 5.d3 g6 6.Nbd2 Bg7 7.O-O O-O 8.Re1 
Qc7 9.Bf1 Ne5 10.d4 Nxf3+ 11.Nxf3 cxd4 12.cxd4 Bg4 13.h3 Bxf3 14.Qxf3 Nd7 
15.Rd1 Rfc8 16.Be3 Qb6 17.Qe2 Rc7 18.Rd3 Rac8 19.Rb3 Qc6 20.Qf3 Nf6 21.Bd3
a6 22.a4 Qe8 23.e5 dxe5 24.Rxb7 exd4 25.Rxc7 Rxc7 26.Bxd4 Qc8 27.Bc3 Nd7 
28.Bxg7 Kxg7 29.Qe3 Nc5 30.b4 Nxd3 31.Qxd3 Rd7 32.Qe3 Qc6 33.Qe5+ f6 34.
Qe2 Rb7 35.Qe1 e5 36.Ra2 Rc7 37.Ra1 h5 38.Qd1 Rd7 39.Qe1 Rd4 40.Qb1 Qc3 
41.b5 Rb4 42.Qd1 axb5 43.Rc1 Qd4 44.Rc7+ Kh6 45.Qxd4 exd4 46.axb5 Rxb5 47.
Rd7 Rb4 48.f4 g5 49.f5 g4 50.h4 Rb5 51.Rxd4 Rxf5 52.Rd8 Ra5 53.Rh8+ Kg7 
54.Rc8 g3 55.Kf1 Rf5+ 56.Kg1 Rf4 57.Rc3 Rg4 58.Kf1 Kg6 59.Ke2 Rxh4 60.
Rxg3+ Rg4 61.Rxg4+ hxg4 62.g3 Kf5 63.Ke3 Ke5 64.Kd3 f5 65.Ke3 Ke6 66.Ke2 
Kf7 67.Kd3 Kf6 68.Ke2 Ke7 69.Ke3 Kd6 70.Kd2 Kc6 71.Ke3 Kd7 72.Kd3 Ke7 73.
Ke3 Kf6 74.Kd2 Kg6 75.Ke2 Kg7 76.Ke3 Kf6 77.Kd2 1/2-1/2

[Event "7th OHRA Open"]
[Site "Amsterdam NED"]
[Date "1988.08.04"]
[Round "4"]
[White "Bosboom, Manuel"]
[Black "Ermenkov, Evgeny"]
[Result "1/2-1/2"]
[WhiteElo "2385"]
[BlackElo "2475"]
[EventDate "1988.08.01"]
[PlyCount "149"]

1.c4 e5 2.Nc3 Nf6 3.Nf3 Nc6 4.e3 Be7 5.Be2 O-O 6.O-O d5 7.cxd5 Nxd5 8.d3 
Be6 9.a3 f5 10.Qc2 a5 11.Re1 Kh8 12.Bd2 Nb6 13.b3 Bf6 14.Rab1 Qe7 15.Bc1 
Rad8 16.Na4 g5 17.Nc5 Bc8 18.b4 g4 19.Nd2 axb4 20.axb4 Qf7 21.b5 Ne7 22.g3
Bg7 23.Bf1 Nbd5 24.Nc4 b6 25.Na6 c6 26.e4 cxb5 27.Nxe5 Bxe5 28.exd5 Bf6 
29.Rxb5 Bxa6 30.Rxb6 Nxd5 31.Rxa6 Nb4 32.Rxf6 Nxc2 33.Rxf7 Rxf7 34.Bb2+ 
Kg8 35.Rc1 Nd4 36.Kg2 Rb7 37.Bxd4 Rxd4 38.Rc5 Rf7 39.h3 Kg7 40.f3 Rb4 41.
Rc2 h5 42.hxg4 hxg4 43.fxg4 fxg4 44.Rf2 Re7 45.Re2 Rc7 46.Re3 Kf6 47.Be2 
Kf5 48.Re8 Rf7 49.Kf2 Rf6 50.Ke3 Re6+ 51.Rxe6 Kxe6 52.Bd1 Kf5 53.Be2 Rb1 
54.Kf2 Rb2 55.Ke3 Ra2 56.Kf2 Ke5 57.Ke3 Ra4 58.Bd1 Rb4 59.Be2 Kf6 60.Kf2 
Rb1 61.Kg2 Rb8 62.Kf2 Rf8 63.Bd1 Ke5+ 64.Ke3 Rg8 65.Be2 Kf5 66.Kf2 Rd8 67.
Kg2 Rf8 68.Kf2 Kg5+ 69.Kg2 Rg8 70.Kf2 Kf5 71.Bd1 Rh8 72.Kg2 Rb8 73.Kf2 Rb4
74.Be2 Rb1 75.Kg2 1/2-1/2

[Event "7th OHRA Open"]
[Site "Amsterdam NED"]
[Date "1988.08.04"]
[Round "4"]
[White "Ligterink, Gert"]
[Black "Van der Sterren, Paul"]
[Result "0-1"]
[WhiteElo "2445"]
[BlackElo "2475"]
[EventDate "1988.08.01"]
[PlyCount "108"]

1.d4 d5 2.c4 dxc4 3.Nf3 Nf6 4.e3 e6 5.Bxc4 c5 6.O-O a6 7.Bd3 cxd4 8.exd4 
Be7 9.Nc3 O-O 10.Bg5 b5 11.Rc1 Bb7 12.Bb1 Nbd7 13.a3 Rc8 14.Qd3 g6 15.Rfe1
Nb6 16.Bh6 Re8 17.Ne5 Nc4 18.Qe2 Qxd4 19.Nxf7 Bc5 20.Be3 Nxe3 21.fxe3 
Qxe3+ 22.Qxe3 Kxf7 23.Ba2 Bxe3+ 24.Rxe3 Nd5 25.Rf1+ Kg7 26.Ref3 Re7 27.Ne4
Nb6 28.Nd6 Bxf3 29.Nxc8 Nxc8 30.Rxf3 Nb6 31.Rc3 Na4 32.Rc2 Kf6 33.b3 Nb6 
34.Rc6 Nd5 35.b4 Ke5 36.Rxa6 Rc7 37.Bxd5 exd5 38.Rb6 Rc1+ 39.Kf2 Rc2+ 40.
Kf3 Rc3+ 41.Ke2 Rxa3 42.Rxb5 Ke4 43.Rb7 Ra2+ 44.Kf1 d4 45.Re7+ Kd3 46.Rxh7
Rb2 47.h4 Kd2 48.h5 gxh5 49.Rxh5 d3 50.Kf2 Kd1+ 51.Ke3 d2 52.b5 Rb3+ 53.
Kf4 Kc2 54.Rh1 Rb1 0-1

[Event "7th OHRA Open"]
[Site "Amsterdam NED"]
[Date "1988.08.06"]
[Round "5"]
[White "Cifuentes Parada, Roberto"]
[Black "Ftacnik, Lubomir"]
[Result "1/2-1/2"]
[WhiteElo "2480"]
[BlackElo "2590"]
[EventDate "1988.08.01"]
[PlyCount "94"]

1.d4 Nf6 2.c4 g6 3.Nc3 d5 4.Bf4 Bg7 5.e3 c5 6.dxc5 Qa5 7.Qa4+ Qxa4 8.Nxa4 
O-O 9.Nf3 Bd7 10.Nc3 dxc4 11.Bxc4 Na6 12.Bxa6 bxa6 13.Be5 Rfc8 14.Bd4 Bc6 
15.O-O Nd7 16.Bxg7 Kxg7 17.Nd4 Nxc5 18.Nxc6 Rxc6 19.Rfd1 Rb8 20.Rab1 Rb7 
21.Kf1 Nd7 22.Ke2 Ne5 23.Na4 Rc2+ 24.Rd2 Rc4 25.Rd4 Rxd4 26.exd4 Rb4 27.
dxe5 Rxa4 28.Rc1 Rxa2 29.Rc7 Rxb2+ 30.Ke3 Rb5 31.f4 e6 32.Rxa7 a5 33.h4 h6
34.Kf3 g5 35.hxg5 hxg5 36.g3 Kg6 37.Kg4 f5+ 38.exf6 Kxf6 39.Ra6 gxf4 40.
gxf4 Ke7 41.Kf3 Rc5 42.Kg4 Kd7 43.Kf3 Rc3+ 44.Ke4 Rc4+ 45.Ke5 Rc5+ 46.Ke4 
Ke7 47.Kf3 Kf6 1/2-1/2

[Event "7th OHRA Open"]
[Site "Amsterdam NED"]
[Date "1988.08.06"]
[Round "5"]
[White "Van der Sterren, Paul"]
[Black "Visser, Yge"]
[Result "1-0"]
[WhiteElo "2475"]
[BlackElo "2320"]
[EventDate "1988.08.01"]
[PlyCount "61"]

1.d4 Nf6 2.c4 d6 3.Nc3 c6 4.e4 e5 5.d5 Be7 6.h3 Na6 7.Be3 Nc5 8.Qc2 a5 9.
Nf3 Qc7 10.Nd2 O-O 11.Be2 h6 12.O-O Nh7 13.Rad1 Bg5 14.Bxc5 dxc5 15.Nb3 a4
16.Nxc5 cxd5 17.N5xa4 dxc4 18.Nd5 Qc6 19.Nab6 Rxa2 20.Nb4 Qxb6 21.Nxa2 Qg6
22.Qxc4 Bf4 23.Kh1 Ng5 24.Nc3 Nxh3 25.gxh3 Bxh3 26.Rg1 Qf6 27.Qd3 Qh4 28.
Rg3 Be6+ 29.Kg2 Bxg3 30.Qxg3 Qe7 31.Nd5 1-0

[Event "7th OHRA Open"]
[Site "Amsterdam NED"]
[Date "1988.08.06"]
[Round "5"]
[White "Ermenkov, Evgeny"]
[Black "Mednis, Edmar John"]
[Result "1-0"]
[WhiteElo "2475"]
[BlackElo "2435"]
[EventDate "1988.08.01"]
[PlyCount "93"]

1.e4 e6 2.d4 d5 3.Nd2 c5 4.Ngf3 cxd4 5.exd5 Qxd5 6.Bc4 Qd6 7.O-O Nf6 8.Nb3
Nc6 9.Nbxd4 Nxd4 10.Nxd4 Bd7 11.Bb3 Qc7 12.Qe2 Bd6 13.h3 O-O 14.c3 Bh2+ 
15.Kh1 Bf4 16.Rd1 Rfd8 17.Rd3 Bxc1 18.Rxc1 e5 19.Nc2 a5 20.Ne3 Bc6 21.Rcd1
Rxd3 22.Qxd3 g6 23.Kg1 Kg7 24.a4 Re8 25.Qc4 Re7 26.Qh4 Be4 27.Bd5 Bxd5 28.
Nxd5 Nxd5 29.Rxd5 Rd7 30.Qe4 Rxd5 31.Qxd5 f5 32.h4 Kf6 33.g3 Qb6 34.b3 Qc7
35.Qd3 Qc5 36.Qd8+ Ke6 37.Qg8+ Kf6 38.Qh8+ Ke6 39.Qxh7 Qxc3 40.Qxg6+ Ke7 
41.Qxf5 Qe1+ 42.Kg2 Kd6 43.Qd3+ Ke6 44.h5 e4 45.Qe3 Qb1 46.Qb6+ Ke5 47.
Qxa5+ 1-0